000 00835nam a22002057a 4500
999 _c9594
_d9594
003 AR-CdUCM
008 190328b ||||| |||| 00| 0 spa d
040 _aMUNICIPALIDAD PROVINCIAL DEL CUSCO
_cBIBLIOTECA MUNICIPAL DEL CUSCO
082 _a376.51 /
_bA6 / 1930
110 _aUniversidad San Agustín de Arequipa
_925901
245 _aEl centenario de la universidad nacional del G. P. San Agustin de Arequipa 1828 - 1928 /
260 _aArequipa :
_bMejia,
_c1930.
300 _a112 páginas ;
_c23 cm.
505 _aContenido : El centenario de la universidad -- Con diversas actuaciones la universidad celebrará del 10 al 31 su primer centenario ...
650 _aUniversidad nacional San Agustín de Arequipa
_925902
650 _aBicentenario
_925903
650 _aActividades
_925904
942 _2ddc
_cLIBROS
945 _arah